An Introduction to the Design of small - scale embedded systems (Record no. 166363)

MARC details
000 -LEADER
fixed length control field 00488nam a2200193Ia 4500
008 - FIXED-LENGTH DATA ELEMENTS--GENERAL INFORMATION
fixed length control field 240823s9999||||xx |||||||||||||| ||und||
020 ## - INTERNATIONAL STANDARD BOOK NUMBER
International Standard Book Number 1-403-90683-1
082 ## - DEWEY DECIMAL CLASSIFICATION NUMBER
-- 004.165 P4
100 ## - MAIN ENTRY--PERSONAL NAME
Personal name "Wilmshurst,Tim"
245 #3 - TITLE STATEMENT
Title An Introduction to the Design of small - scale embedded systems
250 ## - EDITION STATEMENT
Edition statement 1st
260 ## - PUBLICATION, DISTRIBUTION, ETC. (IMPRINT)
Date of publication, distribution, etc 2004
Name of publisher, distributor, etc Pal
500 ## - GENERAL NOTE
General note TRANSFERED
650 ## - SUBJECT ADDED ENTRY--TOPICAL TERM
Topical term or geographic name as entry element Embedded
942 ## - ADDED ENTRY ELEMENTS (KOHA)
Item type Books
Holdings
Withdrawn status Lost status Damaged status Permanent location Current location Shelving location Date acquired Source of acquisition Cost, normal purchase price Full call number Barcode Date last seen Koha item type
      CENTRAL LIBRARY, NOORUL ISLAM CENTRE FOR HIGHER EDUCATION CENTRAL LIBRARY, NOORUL ISLAM CENTRE FOR HIGHER EDUCATION   01/14/2004 Tamil Nadu Book House 595.00 004.165 P4 20993 08/23/2024 Books
Visitors:
Copyright © 2024 Central Library NICHE.  All rights reserved.